000 00978nam a2200229Ia 4500
001 L268-21650
003 IT-CnALBA
008 170116s9999||||xx |||||||||||||| ||und||
040 _aIT-CnALBA
_cIT-CnALBA
041 _aITALIANO
100 _aRAVAGLIA GIOVANNI, CANONICO
245 0 _aARMONIE DIVINE. CORSO DI ISTRUZIONE RELIGIOSA PER IL GINNASIO. VOL. I. STORIA SACRA.
250 _a2a ed.
260 _a TO BO CT PA
_bSOCIETÀ ED. INTER.
_c1934 [1° Ed.: n.d.]
300 _a166 p.
500 _aANTICO TESTAMENTO. LIBRI STORICI. SAPIENZIALI. NUOVO TESTAMENTO. NASCITA. PREDICAZIONE DI GESÙ. MIRACOLI. PASSIONE MORTE E GLORIA.
501 _aSocietà San Paolo EM - Piazza San Paolo, 14 - 12051 ALBA (CN) (non commercial uses only) ® Copyright 2017
520 _aANTICO TESTAMENTO. LIBRI STORICI. SAPIENZIALI. NUOVO TESTAMENTO. NASCITA. PREDICAZIONE DI GESÙ. MIRACOLI. PASSIONE MORTE E GLORIA.
650 _aCATECHESI
942 _cBK
957 _71
999 _a26392
_bSI
_g Copie: 1
_c280754
_d280754